<?xml version="1.0" encoding="UTF-8"?>
<record
    xmlns:xsi="http://www.w3.org/2001/XMLSchema-instance"
    xsi:schemaLocation="http://www.loc.gov/MARC21/slim http://www.loc.gov/standards/marcxml/schema/MARC21slim.xsd"
    xmlns="http://www.loc.gov/MARC21/slim">

  <leader>01286nam a22002297a 4500</leader>
  <controlfield tag="008">170923s1990        xxu||||| |||| 00| 0 eng d</controlfield>
  <datafield tag="082" ind1="0" ind2="4">
    <subfield code="a">708</subfield>
    <subfield code="b">K295m</subfield>
  </datafield>
  <datafield tag="100" ind1="1" ind2=" ">
    <subfield code="a">Kelly, Mary.</subfield>
    <subfield code="9">5975</subfield>
  </datafield>
  <datafield tag="245" ind1="1" ind2="0">
    <subfield code="a">Interim /</subfield>
    <subfield code="c">Mary Kelly.</subfield>
  </datafield>
  <datafield tag="250" ind1=" " ind2=" ">
    <subfield code="a">1a edici&#xF3;n.</subfield>
  </datafield>
  <datafield tag="260" ind1=" " ind2=" ">
    <subfield code="a">Nueva York, Estados Unidos :</subfield>
    <subfield code="b">The New Museum of Contemporary Art,</subfield>
    <subfield code="c">1990.</subfield>
  </datafield>
  <datafield tag="300" ind1=" " ind2=" ">
    <subfield code="a">66 p&#xE1;ginas :</subfield>
    <subfield code="b">ilustraciones en color.</subfield>
  </datafield>
  <datafield tag="500" ind1=" " ind2=" ">
    <subfield code="a">Cat&#xE1;logo publicado con motivo a la exposici&#xF3;n itinerante "Interim", presentada en: -The New Museum of Contemporary Arte en New York, del 16 de febrero al 8 de abril de 1990 -Vancouver Art Gallery, del 16 de mayo al 31 de julio de 1990 - The Power Plant en Toronto, del 1 a febrero al 17 de marzo de 1991.</subfield>
  </datafield>
  <datafield tag="505" ind1="0" ind2=" ">
    <subfield code="t">Preface</subfield>
    <subfield code="r">Gary Sangster.</subfield>
    <subfield code="t">Plates.</subfield>
    <subfield code="t">Picture this: an introduction to interim</subfield>
    <subfield code="r">Marcia Tucker.</subfield>
    <subfield code="t">Interim and identification</subfield>
    <subfield code="r">Norman Bryson.</subfield>
    <subfield code="t">Intervention in history: on the historical, the subjective, and the textual</subfield>
    <subfield code="r">Griselda Pollock.</subfield>
    <subfield code="t">That obscure subject of desire</subfield>
    <subfield code="r">Un entrevista con Mary Kelly por Hal Foster.</subfield>
    <subfield code="t">List of work.</subfield>
  </datafield>
  <datafield tag="653" ind1="1" ind2="0">
    <subfield code="a">Arte contempor&#xE1;neo</subfield>
  </datafield>
  <datafield tag="653" ind1="1" ind2="0">
    <subfield code="a">Cat&#xE1;logo de exhibici&#xF3;n</subfield>
  </datafield>
  <datafield tag="653" ind1="1" ind2="0">
    <subfield code="a">Exhibiciones</subfield>
  </datafield>
  <datafield tag="653" ind1="1" ind2="0">
    <subfield code="a">Arte conceptual</subfield>
  </datafield>
  <datafield tag="653" ind1="1" ind2="0">
    <subfield code="a">Exhibici&#xF3;n itinerante</subfield>
  </datafield>
  <datafield tag="653" ind1="1" ind2="0">
    <subfield code="a">Instalaci&#xF3;n</subfield>
  </datafield>
  <datafield tag="653" ind1="1" ind2="0">
    <subfield code="a">Arte - Feminismo</subfield>
  </datafield>
  <datafield tag="999" ind1=" " ind2=" ">
    <subfield code="c">1283</subfield>
    <subfield code="d">1283</subfield>
  </datafield>
  <datafield tag="952" ind1=" " ind2=" ">
    <subfield code="0">0</subfield>
    <subfield code="1">0</subfield>
    <subfield code="2">ddc</subfield>
    <subfield code="4">0</subfield>
    <subfield code="7">0</subfield>
    <subfield code="a">LV</subfield>
    <subfield code="b">LV</subfield>
    <subfield code="c">Monograf&#xED;as</subfield>
    <subfield code="d">2017-09-23</subfield>
    <subfield code="l">0</subfield>
    <subfield code="o">708 K295m</subfield>
    <subfield code="p">003872</subfield>
    <subfield code="r">2017-09-23 00:00:00</subfield>
    <subfield code="w">2017-09-23</subfield>
    <subfield code="y">01</subfield>
  </datafield>
</record>
